Oral Business Communication (Record no. 28490)

MARC details
000 -LEADER
fixed length control field 00452nam a2200181Ia 4500
008 - FIXED-LENGTH DATA ELEMENTS--GENERAL INFORMATION
fixed length control field 220531s9999 xx 000 0 und d
041 ## - LANGUAGE CODE
Language code of text/sound track or separate title eng
082 ## - DEWEY DECIMAL CLASSIFICATION NUMBER
Classification number 651.73
Item number RAI / RAI
100 ## - MAIN ENTRY--PERSONAL NAME
Personal name Rai, U. / Rai, S. M.
9 (RLIN) 48724
245 ## - TITLE STATEMENT
Title Oral Business Communication
250 ## - EDITION STATEMENT
Edition statement 1ST
260 ## - PUBLICATION, DISTRIBUTION, ETC. (IMPRINT)
Place of publication, distribution, etc. Mumbai
Name of publisher, distributor, etc. Himalaya
Date of publication, distribution, etc. 2004
300 ## - PHYSICAL DESCRIPTION
Extent 101
542 ## - INFORMATION RELATING TO COPYRIGHT STATUS
Copyright holder 31-03-2006
650 ## - SUBJECT ADDED ENTRY--TOPICAL TERM
Topical term or geographic name as entry element Busi. Communication
9 (RLIN) 48725
906 ## - LOCAL DATA ELEMENT F, LDF (RLIN)
d 2005-2006
Holdings
Withdrawn status Lost status Source of classification or shelving scheme Damaged status Not for loan Collection code Home library Current library Date acquired Vendor Cost, normal purchase price Total Checkouts Total Holds Full call number Barcode Date last seen Bill Date Koha item type Original Barcode
    Dewey Decimal Classification       Shri Siddhivinayak Mahila Mahavidyalaya Shri Siddhivinayak Mahila Mahavidyalaya 31/03/2006 Vaibhav 275.00   1 651.73/RAI / RAI/B/9479 SSMM-BK-9479 06/08/2022 06/08/2022 Books 010009479